1925 1924 1536 1970 1583 1624 1992 1893 1534 1726 1481 1219 1529 1264 1869 1687 1596 1538 1855 1123 1380 1972 1260 1838 1571 1624 1394 1620 1391 1379 1846 1052 1677 1574 1097 1970 1444 1849 1806 1498 1250 1427 1965 1568 1930 1615 1013 1217 1257 1222 1488 1832 1132 1637 1367 1313 1255 1262 1787 1574 1778 1493 1856 1482 1502 1468 1896 1923 1981 1966 1693 1966 1019 1168 1058 1524 1932 1628 1727 1901 1814 1218 1669 1738 1700 1998 1984 1341 1190 1811 1251 1084 1350 1970 1822 1306 1240 1345 1665 BCNSPRNW ULIB Ver.6.0+V

เปลี่ยนเป็นภาษาไทย

Change to English
 แสดงรายละเอียดบรรณานุกรม
  กลับหน้าหลัก

Brief Record : Get Marc (ISO 2709) : E-mail record : QR code < ปิดหน้าต่าง
LEADER : 00000nam 2200000uu 4500
001    13399112409
003     ULIB
008    110627s2552||||th 000 0 tha d
020    9786167078038
090    นว.^bภ418W 2552
100 0  ภาคินัย
245 00 Ward ห้องคลอดมรณะ/^cภาคินัย
250    พิมพ์ครั้งที่ 1
260    กรุงเทพฯ :^bโซฟา พับลิชชิ่ง,^c2552
300    219 หน้า
710 1  โซฟา พับลิชชิ่ง
945    ^p179^l0^i026769
995    ทศพร
999 ^a ใช้งานได้ทุกระบบ
รายการนี้ยังไม่มีแท็ก
คุณยังไม่ได้ล็อกอิน คุณสามารถมีกิจกรรมร่วมกับเว็บไซต์ได้ แต่ต้องล็อกอินก่อน ::
  ล็อกอิน

รายการสื่อสารสนเทศ

ลำดับที่ ประเภท เลขเรียก/บาร์โค้ด สถานที่ สถานะ
- ไม่พบข้อมูล -

รายการใกล้เคียง
    ผู้แต่ง [ภาคินัย]

BibComment


ยังไม่เคยถูกคอมเมนท์

คอมเมนท์ทรัพยากรรายการนี้
  คอมเมนท์: Ward ห้องคลอดมรณะ..


 Copyright 2026. Bcnsprnw @Library